El valor de la persona: nuevos principios para la gestión del capital humano

Salvato in:
Dettagli Bibliografici
Autore principale: Casado, José Manuel (Autore)
Natura: Libro
Lingua:spagnolo
Pubblicazione: Madrid Pearson Educación 2003
Soggetti:
Tags: Aggiungi Tag
Nessun Tag, puoi essere il primo ad aggiungerne!!

MARC

LEADER 00000nam a2200000 a 4500
001 UCL6546
003 CL-VaPUC
008 040416e20030000SP |||||||||||||||||spa|d
020 |a 8420538973 
082 0 4 |a 658.3  |b CAS  |2 21 
100 0 |a Casado, José Manuel  |e author  |9 484151 
245 1 3 |a El valor de la persona: nuevos principios para la gestión del capital humano 
300 |a 363 p 
942 |c BK 
945 |d 20040416 00:00:00  |a cmena 
260 |a Madrid  |b Pearson Educación  |c 2003 
650 0 |a Recursos humanos   |9 228420 
650 0 |a Administración del personal  |9 260442 
650 7 |a RENDIMIENTO  |2 CL-VaPUC  |9 260872 
650 0 |a Control de calidad   |9 259714 
583 |a last modification  |c 20040416 00:00:00  |k Rodrigo Vera 
999 |c 308549  |d 308547 
952 |0 0  |1 0  |4 0  |6 658_300000000000000_CAS_2003  |7 0  |8 A  |9 375157  |a BIBENE  |b BIBENE  |d 2019-11-21  |i 3909328  |o 658.3 CAS 2003  |p 3909328  |r 2025-01-15  |w 2019-11-21  |y BK  |k ICO